| 000 | 00499nam a2200181Ia 4500 | ||
|---|---|---|---|
| 008 | 240925s9999 xx 000 0 und d | ||
| 020 | _a9788131724255 | ||
| 082 | _a658.4038011 TUR | ||
| 100 | _aTurban, Efraim ; Aronson, Jay E. | ||
| 245 | 0 | _aDecision Support and Business Intelligence Systems | |
| 250 | _a8th | ||
| 260 |
_aNew Delhi: _bPearson Education _c,2007. |
||
| 300 |
_a523p. _b0 _fOriginal |
||
| 500 | _aIncludes Index | ||
| 600 | _aManagement | ||
| 650 | _aManagement | ||
| 942 | _cBK | ||
| 999 |
_c15213 _d15213 |
||